000
00322nam a2200133Ia 4500
005
20260328104256.0
008
260328s9999||||xx |||||||||||||| ||und||
100
_a
Terragni, Emilia
245
4
_a
The Design Book /
_c
Emilia Terragni
260
_b
Phaidon
300
_a
510 p.
650
_a
DISEÑO INDUSTRIAL
942
_c
BK
999
_c
10431
_d
10431